000 00441nam a2200181Ia 4500
005 20240913125842.0
008 240913s9999||||xx |||||||||||||| ||und||
041 _aENGLISH
082 _A614.1 Q4
100 _aKrishnamurthy R
245 0 _aForensic Biology
250 _a1st
260 _c2014
_bSelective & Scientific
500 _aREFERENCE
650 _aForensic Science
_bAllied Health Science
942 _cREF
999 _c246405
_d246405